000 00465nam a2200193Ia 4500
008 240510s9999 xx 000 0 und d
020 _a0000749425083
041 _aEng
082 _a371.33
082 _bV36
100 _aRYAN, S. (ET-AL)
245 4 _aTHE VIRTUAL UNIVERSITY : The Internet and Resource-Based Learning
260 _bLONDON : KOGAN PAGE
260 _c2000
300 _a204 p.
650 _aE - LEARNING
942 _2ddc
942 _cRBK
999 _c25872
_d25872
945 _a1
_bMadushi Gamage
_c1
_dMadushi Gamage